[Event "Let's Play Chess!"]
[Site "http://www.queenalice.com/game.php?id=1162355"]
[Date "2013.3.19"]
[Round "-"]
[White "GiulioTorino"]
[Black "SixChentYu"]
[Result "0-1"]
[WhiteElo "1770"]
[BlackElo "1641"]

1. e4 c5 2. d4 cxd4 3. c3 dxc3 4. Nxc3 Nc6 5. f4 d6 6. Nf3 g6 7. Bc4 Bg7 8. Be3
Nf6 9. e5 Ng4 10. Bd4 e6 11. h3 Nh6 12. exd6 Nxd4 13. Nxd4 Qxd6 14. Nde2 Qc5 15.
b3 O-O 16. Rc1 b6 17. Ne4 Qe3 18. Ng3 Bb7 19. Rg1 Nf5 20. Nxf5 exf5 21. Qd3 Qe7
22. Kf2 Rfd8 23. Qc2 Be4 24. Bd3 Bxd3 25. Qd2 Bb5 26. Qe3 Qh4+ 27. Kf1 Bd4 28.
Qf3 Bxg1 29. Kxg1 Qe7 30. Nc3 Ba6 31. Nd5 Qa3 32. Rc7 Qxa2 33. Qc3 Rxd5 34. Qf6
Rf8 35. Rxa7 Qb1+ 36. Kh2 Qf1 37. Qxb6 Rd2 38. Qc6 Rc8 39. Qxa6 Qxg2# 0-1

[Event "Let's Play Chess!"]
[Site "http://www.queenalice.com/game.php?id=1162492"]
[Date "2013.3.19"]
[Round "-"]
[White "SixChentYu"]
[Black "spawnwolfwolverine"]
[Result "0-1"]
[WhiteElo "1692"]
[BlackElo "1581"]

1. e4 e5 2. f4 exf4 3. Nf3 d6 4. d4 Nc6 5. Bxf4 Nf6 6. Nc3 Be7 7. Bc4 O-O 8. Qd3
a6 9. a4 b6 10. O-O-O Bg4 11. Qe3 Bxf3 12. gxf3 Nb4 13. e5 dxe5 14. dxe5 Nfd5
15. Nxd5 Nxd5 0-1

[Event "Challenge"]
[Site "http://www.queenalice.com/game.php?id=1163520"]
[Date "2013.3.21"]
[Round "-"]
[White "Ysolde"]
[Black "SixChentYu"]
[Result "0-1"]
[WhiteElo "1456"]
[BlackElo "1713"]

1. e4 c5 2. Nf3 e6 3. c4 Nc6 4. Nc3 Nf6 5. d3 Nd4 6. Bg5 Be7 7. Nb5 d5 8. Qa4 a6
9. Nbxd4+ Bd7 10. Qb3 cxd4 11. cxd5 e5 12. Qxb7 Bb5 13. Nxe5 O-O 14. a4 Be8 15.
h4 Rb8 16. Qxa6 Rxb2 17. g3 Bb4+ 18. Kd1 Rxf2 19. Ng4 Rd2+ 20. Kc1 Qc7+ 0-1

[Event "Challenge"]
[Site "http://www.queenalice.com/game.php?id=1167741"]
[Date "2013.4.3"]
[Round "-"]
[White "SixChentYu"]
[Black "GiulioTorino"]
[Result "1-0"]
[WhiteElo "1724"]
[BlackElo "1700"]

1. c4 c6 2. e4 Qc7 3. Nf3 f6 4. d4 b6 5. b4 d6 6. g3 Bg4 7. Bg2 e6 8. Qd3 Nd7 9.
Nc3 Ne7 10. Ba3 Ng6 11. c5 bxc5 12. d5 e5 13. dxc6 Qxc6 14. b5 Qb7 15. O-O a6
16. Rab1 h5 17. Na4 h4 18. Bc1 Ne7 19. h3 Bh5 20. Nxh4 g5 21. Nf5 Rb8 22. Nxd6+
1-0

[Event "Challenge"]
[Site "http://www.queenalice.com/game.php?id=1167844"]
[Date "2013.4.3"]
[Round "-"]
[White "SixChentYu"]
[Black "dimitridruloza2012"]
[Result "1-0"]
[WhiteElo "1765"]
[BlackElo "1588"]

1. c4 e5 2. Nc3 d6 3. g3 Nf6 4. Bg2 Na6 5. d3 Nc5 6. Bg5 Be7 7. e4 Bg4 8. Qd2
O-O 9. f4 Nh5 10. Nge2 g6 11. d4 Ne6 12. Bh6 Re8 13. O-O c6 14. f5 Bxe2 15. Nxe2
Bg5 16. Bxg5 Nxg5 17. h4 Nxe4 18. Bxe4 a5 19. d5 Nf6 20. Bf3 Nd7 21. dxc6 bxc6
22. Bxc6 Qb6+ 23. Nd4 exd4 24. Bxd7 d3+ 25. Rf2 Re7 26. Ba4 Re3 27. Re1 Rxg3+
28. Kh2 Rg4 29. Kh3 Rxc4 30. Bb3 Rc5 31. fxg6 hxg6 32. Bxf7+ Kh7 33. Qxd3 Rg8
34. Bxg8+ Kxg8 35. Qxg6+ Kh8 36. Re8# 1-0

[Event "Challenge"]
[Site "http://www.queenalice.com/game.php?id=1170634"]
[Date "2013.4.11"]
[Round "-"]
[White "jeffeson"]
[Black "SixChentYu"]
[Result "1-0"]
[WhiteElo "1801"]
[BlackElo "1779"]

1. d4 g6 2. e4 Bg7 3. Nf3 c5 4. Bc4 cxd4 5. Nxd4 Nc6 6. Nxc6 bxc6 7. O-O e6 8.
Re1 Ne7 9. Nc3 Qc7 10. Bg5 f6 11. Bh4 d5 12. exd5 cxd5 13. Bxd5 exd5 14. Nxd5
Qc4 15. Rxe7+ Kf8 16. Nb6 Bg4 17. Qd6 axb6 18. Rc7+ Kg8 19. Rxc4 f5 20. Qd5+ Kf8
21. Rc7 Re8 22. Qf7# 1-0

[Event "Challenge"]
[Site "http://www.queenalice.com/game.php?id=1175913"]
[Date "2013.4.27"]
[Round "-"]
[White "SixChentYu"]
[Black "Andrei_78"]
[Result "1-0"]
[WhiteElo "1695"]
[BlackElo "1725"]

1. c4 c5 2. Nf3 h6 3. e3 Nc6 4. d4 e6 5. d5 exd5 6. cxd5 Nb4 7. a3 Na6 8. Bc4
Bd6 9. e4 Nc7 10. Nc3 Nf6 11. O-O O-O 12. e5 Bxe5 13. Nxe5 d6 14. Nf3 Bg4 15. h3
Bh5 16. g4 Bg6 17. Bf4 a6 18. a4 Be4 19. Nh4 Bh7 20. Qf3 Nce8 21. Rae1 Nc7 22.
g5 hxg5 23. Bxg5 Nce8 24. Ne4 Bxe4 25. Rxe4 Qa5 26. b3 Nxe4 27. Qxe4 Qc7 28. Bd3
f6 29. Qh7+ Kf7 30. Bf4 Ke7 31. Nf5+ Kd8 32. Re1 Qf7 33. Re7 Qxd5 34. Nxg7 Kxe7
35. Nf5+ Kd8 36. Qe7+ Kc8 37. Qxf8 Qe6 38. Ng7 Qe1+ 39. Kg2 Kc7 40. Bxd6+ Kd7
41. Bf5+ Kc6 42. Nxe8 b6 43. Bg6 Qe6 44. Qg7 Qd5+ 45. f3 Rc8 46. Be4 Rxe8 47.
Bxd5+ Kxd5 48. Qxf6 Re2+ 49. Kg3 Re6 50. Qf5+ Kxd6 51. Qd3+ Ke7 52. Qxa6 Kf6 53.
f4 Re3+ 54. Kg4 Rxb3 55. a5 Ke7 56. axb6 Kd8 57. Qb7 c4 58. Qc7+ Ke8 59. b7 c3
60. b8=Q+ Rxb8 61. Qxb8+ Kf7 62. Qc7+ Kg6 63. f5+ Kh6 64. Qc6+ Kg7 65. Qxc3+ Kf7
66. Kg5 Kf8 67. f6 Kf7 68. Qe5 Kg8 69. Qe7 1-0

[Event "Challenge"]
[Site "http://www.queenalice.com/game.php?id=1178835"]
[Date "2013.5.5"]
[Round "-"]
[White "SixChentYu"]
[Black "ArnoBlack"]
[Result "0-1"]
[WhiteElo "1747"]
[BlackElo "1678"]

1. c4 b6 2. Nc3 Nf6 3. e4 d6 4. Nf3 Nc6 5. d4 Bg4 6. Be2 e5 7. Be3 Bxf3 8. Bxf3
h6 9. O-O Qd7 10. d5 Na5 11. b3 a6 12. Rb1 b5 13. Qd3 b4 14. Ne2 c5 15. Rb2 Be7
16. Ng3 g6 17. Bd2 h5 18. a3 Rb8 19. axb4 cxb4 20. Ra2 h4 21. Rxa5 hxg3 22. fxg3
Qc8 23. c5 dxc5 24. d6 Bd8 25. Rxa6 c4 26. Qxc4 Qxc4 27. bxc4 b3 28. Rb1 O-O 29.
Bc3 Nd7 30. Ra7 Bb6+ 31. Bd4 Bxd4+ 0-1

[Event "Let's Play Chess!"]
[Site "http://www.queenalice.com/game.php?id=1179223"]
[Date "2013.5.7"]
[Round "-"]
[White "Eggchaser"]
[Black "SixChentYu"]
[Result "1-0"]
[WhiteElo "1949"]
[BlackElo "1750"]

1. e4 c5 2. Nf3 d6 3. d4 cxd4 4. Nxd4 Nf6 5. Nc3 a6 6. Bc4 b5 7. Bb3 e6 8. a3 g6
9. Be3 Bg7 10. O-O Bb7 11. f3 Nc6 12. Nxc6 Bxc6 13. Qd2 h6 14. Rad1 d5 15. exd5
Nxd5 16. Bxd5 exd5 17. Bc5 Rc8 18. Rfe1+ Kd7 19. Bd4 Bxd4+ 20. Qxd4 Re8 21. Ne4
Kc7 22. Qa7+ Bb7 23. Nc5 Rb8 24. Nxa6+ Kd6 25. Qc5+ Kd7 26. Nxb8+ Qxb8 27. Qxb5+
Kc7 28. Rxe8 Qa7+ 29. Kh1 Bc6 30. Re7+ Kd6 31. Qb4+ Qc5 32. Qxc5+ Kxc5 33. Rxf7
Ba4 34. b3 Bb5 35. Rf6 1-0

[Event "Let's Play Chess!"]
[Site "http://www.queenalice.com/game.php?id=1179224"]
[Date "2013.5.7"]
[Round "-"]
[White "SixChentYu"]
[Black "Eggchaser"]
[Result "0-1"]
[WhiteElo "1756"]
[BlackElo "1914"]

1. c4 e6 2. Nc3 b6 3. d4 Bb7 4. e3 Nf6 5. Bd3 Bxg2 6. f3 Bb4 7. a3 Bxc3+ 8. bxc3
Qe7 9. Qc2 Bxh1 10. h3 c5 11. Be4 Nxe4 12. Qxe4 Nc6 13. d5 exd5 14. cxd5 Qxe4
15. fxe4 Ne5 16. Ra2 Bxe4 17. Ne2 Bxd5 18. Nf4 Bxa2 0-1

[Event "Challenge"]
[Site "http://www.queenalice.com/game.php?id=1179698"]
[Date "2013.5.8"]
[Round "-"]
[White "SixChentYu"]
[Black "fougalios"]
[Result "1-0"]
[WhiteElo "1740"]
[BlackElo "1727"]

1. c4 d5 2. cxd5 Qxd5 3. Nc3 Qa5 4. e4 c6 5. Nf3 Bg4 6. Be2 e6 7. a3 Nf6 8. O-O
Nbd7 9. d4 h5 10. b4 Bxb4 11. Na4 Be7 12. Bd2 Qc7 13. Nc3 Bxf3 14. Bxf3 h4 15.
g3 hxg3 16. fxg3 O-O-O 17. e5 Nd5 18. Ne4 Kb8 19. a4 Rh7 20. Qe2 Rdh8 21. h4 g5
22. h5 f5 23. Nxg5 Bxg5 24. Bxg5 Rg8 25. Bf6 Rxg3+ 26. Kh2 f4 27. a5 N5xf6 28.
exf6 Nxf6 29. a6 Qf7 30. Qe5+ Qc7 31. Qxf6 Qd7 32. Qxf4+ 1-0

[Event "USA x Brasil"]
[Site "http://www.queenalice.com/game.php?id=1180277"]
[Date "2013.5.10"]
[Round "-"]
[White "SixChentYu"]
[Black "gomestrovao"]
[Result "0-1"]
[WhiteElo "1690"]
[BlackElo "1767"]

1. e4 e5 2. Nf3 Nc6 3. Bc4 h6 4. Nc3 a6 5. a4 Bb4 6. O-O Nf6 7. d4 d6 8. Nd5
Nxd5 9. Bxd5 Bg4 10. c3 Ba5 11. b4 Bb6 12. a5 Ba7 13. Qd3 Bxf3 14. Qxf3 O-O 15.
Qg4 Qf6 16. f4 Qg6 17. Qf3 exd4 18. c4 Nxb4 19. f5 Qf6 20. Rb1 Nxd5 21. exd5
Rfe8 22. Rxb7 Re7 23. Bb2 c5 24. dxc6 Bb8 25. Bxd4 Qh4 26. Rxe7 Qxd4+ 27. Kh1
Ra7 28. Re8+ Kh7 29. Rxb8 Qxc4 30. Re1 Re7 31. Rxe7 Qc1+ 0-1

[Event "OS INCLIVEIS"]
[Site "http://www.queenalice.com/game.php?id=1184297"]
[Date "2013.5.24"]
[Round "-"]
[White "adelio"]
[Black "SixChentYu"]
[Result "1-0"]
[WhiteElo "1684"]
[BlackElo "1727"]

1. d4 Nf6 2. c4 e6 3. a3 d5 4. Nc3 g6 5. h4 Nc6 6. Bg5 Bg7 7. e4 h6 8. Bxf6 Bxf6
9. e5 Be7 10. Nf3 f6 11. Be2 fxe5 12. g3 exd4 13. Nxd4 Nxd4 14. Qxd4 Bf6 15. Qd3
Rg8 16. cxd5 exd5 17. Nxd5 Bxb2 18. Qe4+ Kf7 19. Rd1 Re8 20. Qf4+ Kg7 21. Nxc7
g5 22. Nxe8+ Qxe8 23. Qc7+ Kf8 24. Rd8 1-0

[Event "Challenge"]
[Site "http://www.queenalice.com/game.php?id=1184858"]
[Date "2013.5.26"]
[Round "-"]
[White "Dorges"]
[Black "SixChentYu"]
[Result "0-1"]
[WhiteElo "1728"]
[BlackElo "1677"]

1. e4 c5 2. Nc3 Nc6 3. Nf3 d6 4. h3 Nf6 5. a3 a6 6. d4 cxd4 7. Nxd4 Nxd4 8. Qxd4
e5 9. Qe3 Be7 10. Bc4 O-O 11. Bd2 b5 12. Bd5 Rb8 13. Qg3 Nh5 14. Qf3 Nf6 15. Qg3
Nh5 16. Qf3 Nf6 17. g4 Nxd5 18. Nxd5 Bh4 19. O-O-O a5 20. Qe3 Be6 21. Be1 Bxd5
22. Rxd5 Bg5 23. f4 Bxf4 24. Qxf4 exf4 25. e5 Qg5 26. Bd2 dxe5 27. Rf1 Rbd8 28.
Bxf4 Qh4 29. Rxe5 Qxh3 0-1

[Event "Challenge"]
[Site "http://www.queenalice.com/game.php?id=1189137"]
[Date "2013.6.8"]
[Round "-"]
[White "piemme"]
[Black "SixChentYu"]
[Result "1-0"]
[WhiteElo "1632"]
[BlackElo "1709"]

1. e4 c5 2. Qh5 Nf6 3. Qxc5 Nxe4 4. Qd4 d5 5. d3 Nf6 6. Bg5 Nc6 7. Qe3 d4 8. Qc1
e5 9. Nf3 b5 10. c3 Qd6 11. Be2 1-0

[Event "Challenge"]
[Site "http://www.queenalice.com/game.php?id=1204141"]
[Date "2013.7.31"]
[Round "-"]
[White "ArnoBlack"]
[Black "SixChentYu"]
[Result "1-0"]
[WhiteElo "1663"]
[BlackElo "1712"]

1. e4 c5 2. c4 Nc6 3. Nf3 e6 4. d3 g6 5. Bd2 Bg7 6. Qc2 Nd4 7. Nxd4 cxd4 8. g3
e5 9. f4 d6 10. Qa4+ Bd7 11. Qa5 Qxa5 12. Bxa5 Be6 13. Nd2 b6 14. Bb4 Rd8 15.
Nf3 a5 16. Bd2 Ne7 17. h3 O-O 18. b3 Nc6 19. a3 Rb8 20. Rb1 b5 21. Be2 b4 22. a4
Ne7 23. Ng5 h6 24. Nxe6 fxe6 25. O-O exf4 26. gxf4 g5 27. Kh1 Rf6 28. Rf2 Rbf8
29. Rbf1 Ng6 30. f5 exf5 31. exf5 Nh4 32. Bg4 Re8 33. Re1 Rxe1+ 34. Bxe1 Rf8 35.
Rf1 Be5 36. Bxh4 gxh4 37. Kg2 Bg3 38. f6 Be5 39. Be6+ 1-0